000 00340nam a2200133Ia 4500
008 231129s2004||||xx |||||||||||||| ||spa||
020 _a958-04-7507-5 (v.1)
040 _bspa
082 _a300.7 L697
245 0 _aLibro de actividades: Identidades
260 _c2004
264 _aNorma
942 _2ddc
_cBKS
999 _c19225
_d19225